000
00277nam a22001097a 4500
082
_a
425
_b
BHA/D
100
_a
BHAKSHI,ESHA
245
_a
DESCRIPTION GENERAL ENGLISH
246
_a
DESCRIPTION GENERAL ENGLISH
_b
DESCRIPTION GENERAL ENGLISH
650
_a
ENGLISH GRAMMAR
942
_c
BK
999
_c
8854
_d
8854